|
|
|
|
| LEADER |
00000cam a2200000 c 4500 |
| 001 |
774449888 |
| 003 |
DE-627 |
| 005 |
20251224185533.0 |
| 007 |
tu |
| 008 |
131211s2013 ru ||||| 00| ||rus c |
| 020 |
|
|
|a 9785742907206
|9 978-5-7429-0720-6
|
| 020 |
|
|
|z 5742907206
|
| 035 |
|
|
|a (DE-627)774449888
|
| 035 |
|
|
|a (DE-576)9774449886
|
| 035 |
|
|
|a (DE-599)BVBBV041460489
|
| 035 |
|
|
|a (OCoLC)931460447
|
| 035 |
|
|
|a (DE-604)BV041460489
|
| 040 |
|
|
|a DE-627
|b ger
|c DE-627
|e rakwb
|
| 041 |
|
|
|a rus
|
| 044 |
|
|
|c XA-RU
|
| 082 |
0 |
|
|a 200.9
|q DE-604
|2 22/ger
|
| 082 |
0 |
|
|a 340.09
|q DE-604
|2 22/ger
|
| 082 |
0 |
|
|a 351.09
|q DE-604
|2 22/ger
|
| 084 |
|
|
|a 2
|2 ssgn
|
| 084 |
|
|
|a 1
|2 ssgn
|
| 084 |
|
|
|a 11.57
|2 bkl
|
| 084 |
|
|
|a 86.97
|2 bkl
|
| 100 |
1 |
|
|0 (DE-588)105019019X
|0 (DE-627)783586469
|0 (DE-576)404406211
|4 aut
|a Anaškin, Dmitrij Pavlovič
|d 1967-
|
| 109 |
|
|
|a Anaškin, Dmitrij Pavlovič 1967-
|a Anaškin, D. P. 1967-
|
| 245 |
1 |
0 |
|a Zakonodatelʹstvo Russkoj Pravoslavnoj Cerkvi Zagranicej
|b (1921 - 2007)
|c Pravoslavnyj Svjato-Tichonovskij Gumanitarnyj Universitet. Sost. D. P. Anaškin
|
| 264 |
|
1 |
|a Moskva
|b Izdat. PSTGU [u.a.]
|c 2013
|
| 300 |
|
|
|a 618 S.
|c 25 cm
|
| 336 |
|
|
|a Text
|b txt
|2 rdacontent
|
| 337 |
|
|
|a ohne Hilfsmittel zu benutzen
|b n
|2 rdamedia
|
| 338 |
|
|
|a Band
|b nc
|2 rdacarrier
|
| 546 |
|
|
|a In kyrill. Schr., russ.
|
| 655 |
|
7 |
|a Quelle
|0 (DE-588)4135952-5
|0 (DE-627)105661236
|0 (DE-576)209665084
|2 gnd-content
|
| 689 |
0 |
0 |
|d b
|0 (DE-588)2093458-0
|0 (DE-627)100529445
|0 (DE-576)192777769
|2 gnd
|a Russisch-Orthodoxe Kirche im Ausland
|
| 689 |
0 |
1 |
|d s
|0 (DE-588)4177368-8
|0 (DE-627)105349119
|0 (DE-576)209977159
|2 gnd
|a Regel
|
| 689 |
0 |
2 |
|d s
|0 (DE-588)4063317-2
|0 (DE-627)106128507
|0 (DE-576)209148136
|2 gnd
|a Verwaltung
|
| 689 |
0 |
3 |
|d s
|0 (DE-588)4030746-3
|0 (DE-627)106268872
|0 (DE-576)208988866
|2 gnd
|a Kirchenrecht
|
| 689 |
0 |
4 |
|q z
|2 gnd
|a Geschichte 1921-2007
|
| 689 |
0 |
|
|5 DE-101
|
| 689 |
1 |
0 |
|d b
|0 (DE-588)2093458-0
|0 (DE-627)100529445
|0 (DE-576)192777769
|2 gnd
|a Russisch-Orthodoxe Kirche im Ausland
|
| 689 |
1 |
1 |
|d s
|0 (DE-588)4030746-3
|0 (DE-627)106268872
|0 (DE-576)208988866
|2 gnd
|a Kirchenrecht
|
| 689 |
1 |
2 |
|q z
|2 gnd
|a Geschichte 1921-2007
|
| 689 |
1 |
|
|5 (DE-627)
|
| 710 |
2 |
|
|0 (DE-588)10151388-4
|0 (DE-627)519284461
|0 (DE-576)258578769
|4 oth
|a Pravoslavnyj Svjato-Tichonovskij gumanitarnyj universitet
|
| 935 |
|
|
|a mteo
|
| 936 |
b |
k |
|a 11.57
|j Ostchristentum
|0 (DE-627)106405144
|
| 936 |
b |
k |
|a 86.97
|j Kirchenrecht
|0 (DE-627)106422464
|
| 951 |
|
|
|a BO
|
| CAN |
|
|
|a 1
|
| ELC |
|
|
|b 1
|
| LOK |
|
|
|0 000 xxxxxcx a22 zn 4500
|
| LOK |
|
|
|0 001 3722926831
|
| LOK |
|
|
|0 003 DE-627
|
| LOK |
|
|
|0 004 774449888
|
| LOK |
|
|
|0 005 20200710085922
|
| LOK |
|
|
|0 008 200710||||||||||||||||ger|||||||
|
| LOK |
|
|
|0 035
|a (DE-Tue135)BVBBV041460489
|
| LOK |
|
|
|0 040
|a DE-Tue135
|c DE-627
|d DE-Tue135
|
| LOK |
|
|
|0 092
|o n
|
| LOK |
|
|
|0 852
|a DE-Tue135
|
| LOK |
|
|
|0 852 1
|9 00
|
| LOK |
|
|
|0 935
|a bsbo
|
| LOK |
|
|
|0 939
|a 10-07-20
|b l01
|
| ORI |
|
|
|a SA-MARC-ixtheoa001.raw
|
| REF |
|
|
|a Kirchliche Rechtsgeschichte,Verwaltungsgeschichte
|
| REL |
|
|
|a 1
|
| STA |
0 |
0 |
|a Administration (motif),Administration,Public administration,State administration,Public administration,Church law,Ecclesiastical law,Rule,Regulation,Norm
|
| STB |
0 |
0 |
|a Administration (motif),Administration,Administration publique,Droit ecclésiastique,Règle
|
| STC |
0 |
0 |
|a Administración,Derecho eclesiástico,Regla
|
| STD |
0 |
0 |
|a Amministrazione,Agenzie amministrative,Diritto ecclesiastico,Regola
|
| STE |
0 |
0 |
|a 教会法规,教规,管理,行政,规则,规定,规矩
|
| STF |
0 |
0 |
|a 教會法規,教規,管理,行政,規則,規定,規矩
|
| STG |
0 |
0 |
|a Administração,Direito eclesiástico,Regra
|
| STH |
0 |
0 |
|a Администрация,Каноническое право,Церковное право,Правило
|
| STI |
0 |
0 |
|a Διοίκηση,Εκκλησιαστικό Δίκαιο,Κανόνας
|
| SUB |
|
|
|a CAN
|a REL
|
| SYG |
0 |
0 |
|a Russian Orthodox Church outside Russia,Russkaja pravoslavnaja cerkovʹ zagranicej,Russkaja zarubežnaja cerkovʹ,Russkaja cerkovʹ za rubežom,Russkaja istinno-pravoslavnaja cerkovʹ,Istinno-pravoslavnaja cerkovʹ,IPC,Katakombnaja cerkovʹ,Russkaja pravoslavnaja cerkovʹ za granicej,Russisch-Orthodoxe Auslandskirche,Russian Orthodox Church Abroad,Eglise russe à l'étranger,ROKA , Administration,Öffentliche Verwaltung,Staatsverwaltung,Verwalten,Verwaltungssystem , Russian Orthodox Church outside Russia,Russkaja pravoslavnaja cerkovʹ zagranicej,Russkaja zarubežnaja cerkovʹ,Russkaja cerkovʹ za rubežom,Russkaja istinno-pravoslavnaja cerkovʹ,Istinno-pravoslavnaja cerkovʹ,IPC,Katakombnaja cerkovʹ,Russkaja pravoslavnaja cerkovʹ za granicej,Russisch-Orthodoxe Auslandskirche,Russian Orthodox Church Abroad,Eglise russe à l'étranger,ROKA
|
| TIM |
|
|
|a 100019210101_100020071231
|b Geschichte 1921-2007
|